[Event "Antioquia op-B"]
[Site "Medellin"]
[Date "2017.04.28"]
[Round "2"]
[White "Garcia Ramirez, Ramon"]
[Black "Arias, Fabio Alonso"]
[Result "0-1"]
[WhiteElo "1610"]
[BlackElo "1661"]
[PlyCount "24"]
[EventDate "2017.04.27"]
[EventType "swiss"]
[EventRounds "7"]
[EventCountry "COL"]
[SourceTitle "EXT 2019"]
[Source "ChessBase"]
[SourceDate "2018.10.10"]
[SourceVersion "1"]
[SourceVersionDate "2018.10.10"]
[SourceQuality "1"]

1. d4 d5 2. Bg5 c5 3. e3 Nf6 4. c4 Ne4 5. Bf4 Qb6 6. Qc2 e6 7. Nf3 Nc6 8. Nc3 Be7 9. Bd3 0-0 10. b3 Bd7 11. 0-0 Rac8 12. Nd2 a6 0-1